00761nam a2200277Ia 450000500170000000800460001702000180006303700100008104000080009104000080009904000080010704100080011504100080012308400080013110000250013924500440016424500550020826000230026326000090028636500050029536500080030085600530030894200100036199900210037195200910039220260324144451.0008 260324s9999 xx 000 0 eng d a9781315130118 aEBOOK aCRL beng cCRL 2eng aeng qCRL aVictor Alba91219428 0aSpanish Marxism versus Soviet Communism 2bA History of the P.O.U.M. in the Spanish Civil War bTaylor and Francis c1988 a b170 uhttp://www.taylorfrancis.com/books/9781315130118 cEBOOK c1826079d1826079 00104070aCRLbCRLd2026-03-24l0pCL2108238r2026-03-24 14:44:51w2026-03-24yEBOOK